Deutsche Landkreise und kreisfreie Städte nach Buchstabe - S - Statistiken

Allgemein
  • Dieses Quiz wurde 215 mal gespielt
  • Das Durchschnittsergebnis liegt bei 27 aus 43
Antwortstatistiken
Bundesland Kreis % Korrekt
Saarland Saarbrücken
95%
Saarland Saarlouis
94%
Baden-Württemberg Stuttgart
89%
Mecklenburg-Vorpommern Schwerin
87%
Nordrhein-Westfalen Solingen
86%
Thüringen Suhl
80%
Bayern Schweinfurt
79%
Bayern Schweinfurt
79%
Niedersachsen Salzgitter
78%
Nordrhein-Westfalen Siegen-Wittgenstein
76%
Rheinland-Pfalz Speyer
74%
Bayern Straubing
73%
Bayern Straubing-Bogen
73%
Thüringen Saalfeld-Rudolstadt
72%
Schleswig-Holstein Schleswig-Flensburg
72%
Thüringen Saale-Orla-Kreis
67%
Nordrhein-Westfalen Soest
64%
Niedersachsen Stade
63%
Sachsen-Anhalt Saalekreis
61%
Bayern Starnberg
61%
Baden-Württemberg Sigmaringen
59%
Sachsen-Anhalt Stendal
59%
Thüringen Saale-Holzland-Kreis
57%
Thüringen Sonneberg
57%
Bayern Schwandorf
56%
Nordrhein-Westfalen Steinfurt
56%
Schleswig-Holstein Stormarn
56%
Saarland Saarpfalz
55%
Bayern Schwabach
55%
Schleswig-Holstein Segeberg
55%
Schleswig-Holstein Steinburg
55%
Hessen Schwalm-Eder-Kreis
53%
Thüringen Sömmerda
53%
Rheinland-Pfalz Südliche Weinstraße
51%
Baden-Württemberg Schwäbisch Hall
50%
Rheinland-Pfalz Südwestpfalz
50%
Sachsen Sächsische Schweiz-Osterzgebirge
49%
Saarland Sankt Wendel
49%
Thüringen Schmalkalden-Meiningen
49%
Baden-Württemberg Schwarzwald-Baar-Kreis
48%
Sachsen-Anhalt Salzlandkreis
47%
Niedersachsen Schaumburg
41%
Brandenburg Spree-Neiße
41%
Keine übereinstimmenden Quizze gefunden
Verteilung der Resultate
Anzahl Personen mit jedem Resultat
Perzentil nach korrekt beantworteten Fragen
Ihre Resultats-Entwicklung
Sie haben dieses Quiz noch nicht gespielt